Proceso contencioso entre Alonso Ramos, vecinos de Requena, con el consejo por la disputa de una renta de alcabalas de aquella villa que el Rey le otorgó por cuatro años y que el consejo pretende quitarle ahora

Detalles Bibliográficos
Formato: Libro
Publicado: Requena, s.f.
Materias:
Colección:Banco de datos
Acervo:Biblioteca Palafoxiana. Colección de Manuscritos
Descripción Física:1 f. ; 20 x 30.5 cm.
Tema general:Civil
LEADER 00514nam a22001330004500
035 |a 962 
245 1 0 |a Proceso contencioso entre Alonso Ramos, vecinos de Requena, con el consejo por la disputa de una renta de alcabalas de aquella villa que el Rey le otorgó por cuatro años y que el consejo pretende quitarle ahora 
260 |a Requena, s.f. 
300 |a 1 f. ; 20 x 30.5 cm. 
650 1 0 |a Civil 
949 |a 19840/013 
942 |c PALAMANU 
943 |g Biblioteca Palafoxiana. Colección de Manuscritos 
999 |c 1068907  |d 1068907